Normal view
MARC view
- محمد، سميرة كامل
Entry Personal Name
001 - CONTROL NUMBER
- control field: 16942
003 - CONTROL NUMBER IDENTIFIER
- control field: JO-AjAnu
005 - DATE AND TIME OF LATEST TRANSACTION
- control field: 20230606073012.0
008 - FIXED-LENGTH DATA ELEMENTS
- fixed length control field: 230606|| aca||aabn | a|a d
040 ## - CATALOGING SOURCE
- Original cataloging agency: JO-AjAnu
- Transcribing agency: JO-AjAnu
100 ## - HEADING--PERSONAL NAME
- Personal name: محمد، سميرة كامل
670 ## - SOURCE DATA FOUND
- Source citation: Work cat.: (JO-AjAnu)8699: محمد، سميرة كامل, author, محاضرات في التخطيط الاجتماعي، ج1